| 000 | 00879aab a2200193 i 4500 | ||
|---|---|---|---|
| 001 | 768714001 | ||
| 003 | CO-MdFUSB | ||
| 005 | 20240422113859.0 | ||
| 008 | 240405b1991 ag ||||| |||| 00| 0 spa d | ||
| 040 |
_bspa _cCO-MdFUSB |
||
| 041 | _aspa | ||
| 100 | 1 |
_aRooy, Sidney _eautor |
|
| 245 | 3 |
_aLa llegada de la fe reformadora a Brasil _c/ Sidney Rooy |
|
| 300 |
_aVolumen 10, número 1 (enero - marzo, 1991), páginas: 24-25 _c; 27 cm |
||
| 520 | _aRelata la llegada de los primeros franceses a Brasil en 1504, así mismo cuenta la historia de la primera iglesia reformada en América Latina, y cómo estos primeros intentos de establecer la fe reformada en Brasil fue frustrada por la inquisición. | ||
| 650 | 0 |
_aReforma de la iglesia _9958 |
|
| 773 | 0 |
_tIglesia y Misión _049402 _959664 _gVolumen 10, número 1 (enero - marzo, 1991), páginas: 24-25 _qpágina: 24 |
|
| 942 | _cANA | ||
| 999 |
_c51909 _d51909 |
||